00474nam a2200181Ia 4500100002100000650001200021250000600033942000700039366000700046654001200053245002400065260001400089082000800103300000800111546001200119999001700131952014400148 aMednieks/Zigurd  aAndroid a2 cBK f20 aandroid aProgramming Android bSPDc2012 bMED a542 aENGLISH c23349d23349 001040708CRCaCRCEbCRCEd2023-03-17eShroff Publishersg840.00i4112 dt 20.01.2018l0o MEDp25105r2023-03-17v1050.00w0000-00-00yBK